000 00419cam a22001577a 4500
005 20250901165804.0
008 071002s2006 ke a 000 0 swa
010 _a 2007381862
020 _a9966703934
050 0 0 _aPL 8704 .W36 2006
100 1 _aWamitila, K. W.
245 1 0 _aYatima /
_cK.W. Wamitila.
260 _aNairobi :
_bVide-Muwa Publishers,
_c2006.
300 _a90 p. :
_bcol. ill. ;
_c21 cm.
942 _2lcc
999 _c9267
_d9267